000 00664nam a2200205 a 4500
001 BRCA_7395
005 20190320205824.0
008 220313s1943----mx-a######---#000-0#spa-#
041 _aspa
044 _amx
050 4 _aZ1419
_b.G66 1943
100 1 _aGomez de Orozco, Federico
_d1891-
_918250
245 1 0 _aLas publicaciones del extinto ayuntamiento y del Departamento del Distrito Federal
_breseña histórica
_cpor Federico Gomez de Orozco.
260 _aMéxico
_bDepto. del D.F. Oficina de Bibliotecas
_c1943
300 _a13 p.
_bil., 11 láminas
500 _aQ110
651 4 _aMéxico (Ciudad)
_vBibliografía
_910462
902 _aGFM
942 _2lcc
_cB
999 _c7071
_d7071